000 01110nam0a22002771 4500
001 rc\3524144
005 20250610014136.0
021 _aRU
_bП407-73
035 _a(NLR Aleph) 007624636
090 _a5957578
_c5957578
100 _a20130115d1972 |||y0rusy50 ca
101 0 _arus
102 _aRU
105 _aa d |||||
200 1 _aНовые радиостанции станционной радиосвязи
_eРеф. информация
_fМ-во путей сообщения СССР. Центр. науч.-исслед. ин-т информации, техн.-экон. исследований и пропаганды ж.-д. транспорта
210 _aМосква
_cБ. и.
_d1972
215 _a14 с.
_cил.
_d20
225 1 _aАвтоматика и связь
_v8 (74)
300 _aВ конце текста авт.: канд. техн. наук В.В. Ваванов, инж. М.И. Иоф
700 1 _aВаванов
_bВ.В.
701 1 _aИоф
_bМ.И.
801 0 _aRU
_bNLR
_gpsbo
801 1 _aRU
_bELAR
_2rusmarc
852 _aNLR
_jП10/2867
942 _cBOOK
980 _aNB